Selected poems / (Record no. 764)

MARC details
000 -LEADER
fixed length control field 00968pam a2200265 a 4500
005 - DATE AND TIME OF LATEST TRANSACTION
control field 20260322212033.0
008 - FIXED-LENGTH DATA ELEMENTS--GENERAL INFORMATION
fixed length control field data
010 ## - LIBRARY OF CONGRESS CONTROL NUMBER
LC control number 92029396
020 ## - INTERNATIONAL STANDARD BOOK NUMBER
International Standard Book Number 0486272826 (pbk.) :
Terms of availability {dollar}1.00
020 ## - INTERNATIONAL STANDARD BOOK NUMBER
International Standard Book Number 9780486272825 (pbk.) :
Terms of availability {dollar}1.00
040 ## - CATALOGING SOURCE
Original cataloging agency DLC
Transcribing agency DLC
Modifying agency DLC
050 00 - LIBRARY OF CONGRESS CALL NUMBER
Classification number PR5553
Item number 1992
082 00 - DEWEY DECIMAL CLASSIFICATION NUMBER
Classification number 821/.8
Edition information 20
092 ## - LOCALLY ASSIGNED DEWEY CALL NUMBER (OCLC)
Classification number 821 T258 1992
001 - CONTROL NUMBER
control field data
100 1# - MAIN ENTRY--PERSONAL NAME
Personal name Tennyson, Alfred Tennyson,
Dates associated with a name 1809-1892.
Titles and words associated with a name Baron,
240 10 - UNIFORM TITLE
Uniform title Poems.
Form subheading Selections
245 10 - TITLE STATEMENT
Title Selected poems /
Statement of responsibility, etc. Alfred Tennyson Tennyson.
260 ## - PUBLICATION, DISTRIBUTION, ETC.
Place of publication, distribution, etc. New York :
Name of publisher, distributor, etc. Dover Publications,
Date of publication, distribution, etc. 1992.
300 ## - PHYSICAL DESCRIPTION
Extent viii, 94 p. ;
Dimensions 21 cm.
440 #0 - SERIES STATEMENT/ADDED ENTRY--TITLE
Title Dover thrift editions
500 ## - GENERAL NOTE
General note "Reprinted from The Poetic and dramatic works of Alfred Lord Tennyson: Cambridge edition, published by the Houghton Mifflin Company, Boston ... in 1898"--T.p. verso.
500 ## - GENERAL NOTE
General note Includes indexes.
856 42 - ELECTRONIC LOCATION AND ACCESS
Materials specified Publisher description
Uniform Resource Identifier <a href="http://www.loc.gov/catdir/description/dover031/92029396.html">http://www.loc.gov/catdir/description/dover031/92029396.html</a>
Holdings
Withdrawn status Lost status Damaged status Not for loan Home library Current library Shelving location Date acquired Total checkouts Full call number Barcode Date last seen Price effective from Koha item type
        Franklin Franklin General stacks 22/03/2026   821/.8 20 BC0010784 22/03/2026 22/03/2026 Books